000 00619nam a2200229 i 4500
001 C2-0292715
003 PPAK
005 20180728024712.0
008 090108s1997 nyu |||| ||||| | eng d
020 _a1883011469
040 _aPPAK
_beng
_cPPAK
_erda
082 0 4 _a823
_223
090 0 0 _a823
_bCRI
_dLCK
245 0 0 _aCrime novels :
_bAmerican noir of the 1930s and 40s
264 1 _aNew York :
_bThe Library of America ,
_c1997
300 _a990 pages ;
_c21 cm
336 _2rdacontent
_atext
337 _2rdamedia
_aunmediated
338 _2rdacarrier
_avolume
650 1 0 _aEnglish fiction
942 _ddc
_cB
999 _c97555
_d97555